| 000 | 00486nmm a22001697a 4500 | ||
|---|---|---|---|
| 005 | 20161207100852.0 | ||
| 008 | 150618b xxu||||| |||| 00| 0 spa d | ||
| 041 | _aspa | ||
| 082 | _aDE 141 | ||
| 100 |
_aElizondo Mora, José Antonio _934174 |
||
| 245 | _aInforme de Práctica Supervisada en el Banco Nacional de Costa Rica : Sucursal Frailes | ||
| 260 | _c2015 | ||
| 650 |
_aCOSTA RICA _934175 |
||
| 650 |
_aADMINISTRACIÓN DE EMPRESAS _9521 |
||
| 650 |
_aCRÉDITO _975 |
||
| 942 | _cIP | ||
| 999 |
_c8675 _d8675 |
||